000 00721nam a2200229 a 4500
005 20240912063808.0
008 991125s1994 es 000 0 spa u
020 _a8434844427
035 _aUPN01000012795
049 _aI
050 4 _aQM27
_bH3.28
100 1 _aHaslam, Andrew,
_d1958-
_928389
245 1 3 _aEl cuerpo humano /
_cAndrew Haslam ; escrito por Lis Wyse ; tr. Fernando Bort Misol ; fotografía Jon Barnes.
260 _aMadrid :
_bSM,
_c1994.
300 _a48 p. :
_bprincipalmente il. col.
440 0 _aExperimenta con ;
_v7
534 _pTraducción de:
_tMake it work! Body
650 2 _aAnatomía humana
_9582
650 2 _aCuerpo humano
_99138
700 1 _aWyse, Lis,
_ecoaut.
905 _aInfantil
999 _c12795
_d12795